[Event "FRA-ch Juniors op"]
[Site "Aix les Bains"]
[Date "2009.04.22"]
[Round "5"]
[White "Bain Thouverez, Aurelien"]
[Black "Cheriet, Salim"]
[Result "1/2-1/2"]
[WhiteElo "1607"]
[BlackElo "1710"]
[PlyCount "30"]
[EventDate "2009.04.19"]
[EventType "swiss"]
[EventRounds "9"]
[EventCountry "FRA"]
[SourceTitle "CBM 130 Extra"]
[Source "ChessBase"]
[SourceDate "2009.07.02"]
[SourceVersion "2"]
[SourceVersionDate "2009.07.15"]
[SourceQuality "1"]

1. e4 d6 2. d4 Nf6 3. Nc3 g6 4. Bc4 Bg7 5. Nge2 0-0 6. 0-0 Nbd7 7. f3 e5 8. Be3 a6 9. Nd5 Nxd5 10. Bxd5 Nb6 11. Bb3 Kh8 12. c3 f5 13. exf5 Bxf5 14. Ng3 Nd7 15. Nxf5 Rxf5 1/2-1/2